000 01750nam a2200325 i 4500
001 bg
946 _c20,00
245 0 0 _aOkładziny ceramiczne i hydroizolacyjne tarasów naziemnych :
_bokładziny ceramiczne tarasów naziemnych - (kod CPV 45431100-8) : hydroizolacja tarasów naziemnych (uszczelnienie zespolone) - (kod CPV 454260000-7) /
_cOśrodek Wdrożeń Ekonomiczno-Organizacyjnych Budownictwa "Promocja".
260 _aWarszawa :
_bOśrodek Wdrożeń Ekonomiczno-Organizacyjnych Budownictwa "Promocja",
_c2007.
300 _a32 s. ;
_c24 cm.
490 1 _aSpecyfikacje techniczne Wykonywania i Odbioru Robót Budowlanych (Standardowe)
650 9 _aBudownictwo
_xtechnika
_xnormalizacja
_zPolska
650 9 _aIzolacje przeciwwilgociowe
_xnormalizacja
_zPolska
650 9 _aTaras
_xizolacje
_xnormalizacja
_zPolska
650 9 _aOkładziny
_xnormalizacja
_zPolska
650 9 _aPłytki ceramiczne
_xnormalizacja
_zPolska
650 9 _aRoboty okładzinowe
_xnormalizacja
_zPolska
655 _aInformatory
710 2 _aOśrodek Wdrożeń Ekonomiczno-Organizacyjnych Budownictwa "|PROMOCJA".
740 0 _aOkładziny ceramiczne tarasów naziemnych - (kod CPV 45431100-8)
740 0 _aHydroizolacja tarasów naziemnych (uszczelnianie zespolone) - (kod CPV 45260000-7)
830 _aSpecyfikacje techniczne Wykonywania i Odbioru Robót Budowlanych (Standardowe)
020 _a9788389756794
040 _cBPK
041 0 _apol
044 _aPOL
080 _a698:699.8:006.3/.8(438)(058)
942 _cKS
008 s pl f |000 0 pol
999 _c49805
_d49805
856 _uhttp://koha.tu.koszalin.pl/cgi-bin/koha/opac-detail.pl?biblionumber=49805
_yKatalog online BPK